| 000 | 00413nam a22001457a 4500 | ||
|---|---|---|---|
| 003 | OSt | ||
| 005 | 20160727222339.0 | ||
| 008 | 160618b xxu||||| |||| 00| 0 eng d | ||
| 040 | _cTEST | ||
| 100 |
_942 _aHood, S |
||
| 245 |
_aLet's Jump In! Reader's Digest Kids _bLet's Jump In! Reader's Digest Kids |
||
| 260 |
_aN.Y _bReader's Digest Children _c1999 |
||
| 300 | _aLet's Jump In! Reader's Digest Kids | ||
| 942 |
_2ddc _cBK |
||
| 999 |
_c35 _d35 |
||